Sari n' Chips / (Record no. 2539)
[ view plain ]
| 000 -LEADER | |
|---|---|
| fixed length control field | 01087cam a2200325 a 4500 |
| 001 - CONTROL NUMBER | |
| control field | 4984456 |
| 003 - CONTROL NUMBER IDENTIFIER | |
| control field | GBCCL |
| 005 - DATE AND TIME OF LATEST TRANSACTION | |
| control field | 20241126110431.0 |
| 008 - FIXED-LENGTH DATA ELEMENTS--GENERAL INFORMATION | |
| fixed length control field | 980202s1993 mnu b 000 0 eng |
| 010 ## - | |
| -- | 98110232 |
| 020 ## - INTERNATIONAL STANDARD BOOK NUMBER | |
| International Standard Book Number | 1854242253 (pbk) : |
| Terms of availability | $7.95. |
| 035 ## - SYSTEM CONTROL NUMBER | |
| System control number | (DLC) 98110232 |
| 040 ## - CATALOGING SOURCE | |
| Original cataloging agency | DLC |
| Transcribing agency | DLC |
| Modifying agency | DLC |
| 043 ## - | |
| -- | e-uk--- |
| 050 00 - | |
| -- | DA125.S57 |
| -- | G53 1993 |
| 082 00 - DEWEY DECIMAL CLASSIFICATION NUMBER | |
| Classification number | 305.8914 |
| -- | 305.8914041 |
| Edition information | 21 |
| Item number | GID |
| 100 1# - MAIN ENTRY--PERSONAL NAME | |
| Personal name | Gidoomal, Ram. |
| 9 (RLIN) | 362 |
| 245 10 - TITLE STATEMENT | |
| Title | Sari n' Chips / |
| Statement of responsibility, etc. | Ram Gidoomal with Mike Fearon. |
| 260 ## - PUBLICATION, DISTRIBUTION, ETC. | |
| Place of publication, distribution, etc. | Minneapolis, MN : |
| Name of publisher, distributor, etc. | MacLaurin Institute, |
| Date of publication, distribution, etc. | 1993. |
| 300 ## - PHYSICAL DESCRIPTION | |
| Extent | 160 p. ; |
| Dimensions | 20 cm. |
| 504 ## - BIBLIOGRAPHY, ETC. NOTE | |
| Bibliography, etc. note | Includes bibliographical references (p. 157-158). |
| 650 #0 - SUBJECT ADDED ENTRY--TOPICAL TERM | |
| Topical term or geographic name entry element | South Asians |
| Geographic subdivision | Great Britain |
| General subdivision | Social conditions. |
| 9 (RLIN) | 5292 |
| 650 #0 - SUBJECT ADDED ENTRY--TOPICAL TERM | |
| Topical term or geographic name entry element | Immigrants |
| Geographic subdivision | Great Britain. |
| 9 (RLIN) | 5293 |
| 651 #0 - SUBJECT ADDED ENTRY--GEOGRAPHIC NAME | |
| Geographic name | Great Britain |
| General subdivision | Ethnic relations. |
| 9 (RLIN) | 5294 |
| 651 #0 - SUBJECT ADDED ENTRY--GEOGRAPHIC NAME | |
| Geographic name | Great Britain |
| General subdivision | Race relations. |
| 9 (RLIN) | 5295 |
| 700 1# - ADDED ENTRY--PERSONAL NAME | |
| Personal name | Fearon, Mike. |
| 9 (RLIN) | 367 |
| 906 ## - LOCAL DATA ELEMENT F, LDF (RLIN) | |
| a | 7 |
| b | cbc |
| c | orignew |
| d | 3 |
| e | ncip |
| f | 19 |
| g | y-gencatlg |
| 942 ## - ADDED ENTRY ELEMENTS (KOHA) | |
| Source of classification or shelving scheme | Dewey Decimal Classification |
| Koha item type | Books |
| Withdrawn status | Lost status | Source of classification or shelving scheme | Damaged status | Not for loan | Home library | Current Library | Shelving location | Date acquired | Total checkouts | Full call number | Barcode | Date last seen | Copy number | Price effective from | Koha item type |
|---|---|---|---|---|---|---|---|---|---|---|---|---|---|---|---|
| Dewey Decimal Classification | GRACE BIBLE COLLEGE | GRACE BIBLE COLLEGE | General Studies | 2017-08-23 | 305.8914 GID | 004800 | 2025-05-01 | c.1 | 2017-08-23 | Books |